000 00807nam a2200241Ia 4500
999 _c65216
_d65216
005 20240530110813.0
008 140319s2008 au a f b 000 0 ara d
017 _a2008/22365
_bمصر. دار الكتب
020 _a9772878550
040 _aGCL /
_cGCL
082 0 4 _221
_a778.59 /
_bع ف
100 0 _aعبدالباسط سند
245 1 0 _aفن التصوير التليفزيونى /
_cعبدالباسط سند
250 _aط.1
260 _aالقاهرة :
_bالمؤلف،
_c2008 .
300 _a239 ص. :
_bايض. ؛
_c24 سم.
650 0 7 _aالتصوير التليفزيونى
_2qrmak
650 0 7 _aالكاميرات التليفزيونية
_2qrmak
650 0 7 _aالعدسات
_2qrmak
651 _2qrmak
942 _2ddc
_cBK